Design methods : seeds of human futures /

Bibliographic Details
Main Author: Jones, J. Christopher (John Christopher), 1927-
Format: Book
Language:English
Published: London, New York : Wiley-Interscience, 1970.
Subjects:

MARC

Tag First Indicator Second Indicator Subfields
LEADER 00000cam a2200000 4500
001 in00000477113
005 20151013051239.0
008 710428s1970 enka b 00110 eng
010 |a  77122344  
015 |a B71-03578 
020 |a 0471447900  |c 5.25 
035 |a (OCoLC)00137369 
035 |9 ACA9461AM 
040 |a DLC  |c DLC  |d TXA  |d UtOrBLW 
049 |a TXAM  |c 1 [1123470], 2 [1326075] 
050 0 0 |a TA174  |b .J67 
082 0 |a 620/.004/2 
100 1 |a Jones, J. Christopher  |q (John Christopher),  |d 1927- 
245 1 0 |a Design methods :  |b seeds of human futures /  |c [by] J. Christopher Jones. 
264 1 |a London,  |a New York :  |b Wiley-Interscience,  |c 1970. 
300 |a xvi, 407 pages :  |b illustrations ;  |c 24 cm. 
336 |a text  |b txt  |2 rdacontent 
337 |a unmediated  |b n  |2 rdamedia 
338 |a volume  |b nc  |2 rdacarrier 
500 |a Text on lining papers. 
504 |a Bibliography: pages 397-403. 
650 0 |a Engineering design. 
650 0 |a Industrial design. 
999 |a MARS 
999 f f |s 257379b6-ae0c-325d-9d31-7cda1cb1b093  |i 661c0b02-6c04-32b4-9035-5f8543743a41  |t 0 
952 f f |p ric  |a Texas A&M University  |b Rellis Campus  |c Joint Library Facility  |d Remote Storage  |t 0  |e TA174 .J67  |h Library of Congress classification  |i unmediated -- volume  |m A14805297578 
998 f f |a TA174 .J67  |t 0  |l Remote Storage